01539agaaa2200313 45000010005000000030009000050050017000140070009000310080040000400400023000800410013001031000051001161300022001672450090001892500022002792600119003013000033004205080027004535110049004805200192005295380016007215460013007376500081007507000060008317000063008919420012009549990019009669520240009859604IT-RoPAU20220918181228.0d cvaizq50131s9999||||xx ||| | || ||und|| aIT-RoPAUcIT-RoPAU aITALIANO aMagno VitogCodice regista SPICS: 19159939326 aDIO CHIAMA939327 aDIO CHIAMAcDiretto da: Magno VitopDIO CHIAMA (Rif. Codice opera principale : B9604) aEdizione Standard aMACERATA (ITALIA)bALL SERVICE / Distribuzione: ALL SERVICE VIDEOg"1993 (1° ed.: 1993 ; Ed. Lingua Orig.: 1993)" aVHSbsonoro, col.c30 minuti a"Musica: Cori Piera; " a"Forte Bruno; Buttiglione Rocco; Cori Piera" aCHIAMATA DI DIO. LIBERTA' DELL'UOMO LIMITATA O POTENZIATA DALLA CHIAMATA DI DIO. DIO FEDELE ALLE SUE CHIAMATE. GESU' MEDIATORE DELLE CHIAMATE DI DIO.- PIERA CORI ESEGUE CANTI VOCAZIONALI. aPAL, STEREO aITALIANO aVOCAZIONALEeTV-PROGRAMMI RELIGIOSI [VHS]xCodice MATERIA SPICS: 9963939328 aCori Pierae(musica)gCodice Musica SPICS: 11298939329 aMagno Vito e(regista)gCodice regista SPICS: 19159939330 cVH2ddc c105076d105076 0010406B_9604_00000000000000071aSPICSbSPICSd2015-01-31l0oB9604r2015-01-31 00:00:00w2015-01-31yVHzProgr. Ins.: 265 / N.Vol.:1 / Copie: 1 / Pag.:0 / Copia rara: n.d. / date import: 1.2.2015 / By Epidotti, Trombetti, Vaglietti